000 00435nam a2200169 a 4500
001 0000-8504
003 ELIB.Books
008 110520 0000
035 _a(ELIB.Books)0000-8649
082 _a268
_bWea
100 _aWeatherhead, Leslie D.
245 _aThe Transforming Friendship
260 _bNew York; Abingdon Press
_c0
650 _aChristian Education
942 _2ddc
_cBK
998 _cbat
_e2011-05-20
999 _c8504
_d8504